000 00438nam a2200157 i 4500
001 26978
003 ES-MaACL
005 20230906153532.0
007 t|
008 030113s1911 xxu ||||1| eng d
100 1 _aAshley, Roscoe Lewis.
_923604
245 1 0 _aAmerican Colonial History /
_cRoscoe Lewis Ashley.
260 _aNew York :
_b[s.n.,
_c1911] (
_fMaemillan Comp.)
300 _aXX, 126 p. ;
_c19 cm.
852 _aES-MaACL
_jF-8258
999 _c26978
_d26978